| 000 | 00651nam a22001817a 4500 | ||
|---|---|---|---|
| 003 | OSt | ||
| 008 | 260622b |||||||| |||| 00| 0 eng d | ||
| 020 | _a9789366265599 | ||
| 082 |
_a635 _bS77S |
||
| 245 | _aSmart Urban Agriculture Innovations, Policies and Sustainable Solutions for Greener Cities/ edited by G.S. Sreedaya | ||
| 260 |
_aNew Delhi: _bInternational Books & Periodicals Supply Service, _c2025. |
||
| 300 | _axi, 236 p. | ||
| 650 | _aTechnology (Applied Sciences) | ||
| 650 | _aAgriculture and related technologies | ||
| 650 | _aHorticulture (Garden crops / Urban farming base class) | ||
| 700 | _aSreedaya, G.S. | ||
| 942 |
_2ddc _cBK |
||
| 999 |
_c52201 _d52201 |
||